[Event "Western Canadian op"]
[Site "Richmond CAN"]
[Date "2004.07.09"]
[Round "1.18"]
[White "Oszvald, Joseph"]
[Black "Fletcher, Christopher"]
[Result "1/2-1/2"]
[WhiteElo "2181"]
[BlackElo "1652"]
[PlyCount "63"]
[GameId "2160767911095459"]
[EventDate "2004.07.09"]
[EventType "swiss"]
[EventRounds "10"]
[EventCountry "CAN"]

1. c4 c5 2. Nc3 b6 3. Nf3 Nf6 4. e4 d6 5. d4 cxd4 6. Nxd4 Bb7 7. f3 e6 8. Nc2 Be7 9. Ne3 O-O 10. Bd3 Na6 11. O-O Nc5 12. Bc2 a5 13. b3 Nh5 14. g3 Nf6 15. Bb2 h5 16. Qe2 Nh7 17. Rad1 h4 18. Nb5 hxg3 19. hxg3 Ng5 20. e5 f5 21. Nxd6 Bxd6 22. Rxd6 Nxf3+ 23. Rxf3 Bxf3 24. Qxf3 Qg5 25. Ng2 Ne4 26. Bxe4 fxe4 27. Qe3 Qf5 28. Rd1 Rad8 29. Bd4 g5 30. Re1 Qg4 31. Qxe4 Rxd4 32. Qg6+ 1/2-1/2

[Event "Western Canadian op"]
[Site "Richmond CAN"]
[Date "2004.07.09"]
[Round "1.20"]
[White "Henson, Joshua"]
[Black "Sullivan, Brian"]
[Result "1-0"]
[WhiteElo "2207"]
[BlackElo "1629"]
[PlyCount "78"]
[GameId "2160767911095460"]
[EventDate "2004.07.09"]
[EventType "swiss"]
[EventRounds "10"]
[EventCountry "CAN"]

1. e4 c5 2. c3 d6 3. d4 Nf6 4. f3 cxd4 5. cxd4 e6 6. Nc3 a6 7. Be3 Be7 8. a4 Nc6 9. Bd3 Bd7 10. Nge2 Rc8 11. O-O Nb4 12. Kh1 Nxd3 13. Qxd3 O-O 14. Rfc1 h6 15. b4 Nh7 16. b5 Qa5 17. Bd2 Qb6 18. Rcb1 a5 19. Be3 Qa7 20. b6 Qb8 21. Nb5 d5 22. Bf4 Bxb5 23. Rxb5 dxe4 24. fxe4 Bd6 25. Bd2 Rc6 26. Bxa5 f5 27. e5 Be7 28. Bd2 Ng5 29. Bxg5 Bxg5 30. a5 f4 31. Qf3 Qe8 32. Rbb1 Qg6 33. a6 Rc2 34. axb7 Rb8 35. Ra8 Qe8 36. Rxb8 Qxb8 37. Ra1 Rxe2 38. Qxe2 Qxb7 39. Rb1 Bd8 1-0

[Event "Western Canadian op"]
[Site "Richmond CAN"]
[Date "2004.07.09"]
[Round "1.21"]
[White "Pechisker, Alfred"]
[Black "Harper, Jamie"]
[Result "1-0"]
[WhiteElo "2144"]
[BlackElo "1598"]
[PlyCount "53"]
[GameId "2160767911095461"]
[EventDate "2004.07.09"]
[EventType "swiss"]
[EventRounds "10"]
[EventCountry "CAN"]

1. d4 Nf6 2. c4 e6 3. Nc3 Bb4 4. Qc2 O-O 5. Nf3 c5 6. e3 Nc6 7. dxc5 Bxc3+ 8. Qxc3 Qe7 9. b4 b6 10. b5 Nd8 11. cxb6 axb6 12. Bb2 Nb7 13. Be2 Nc5 14. O-O Na4 15. Qb3 Nxb2 16. Qxb2 d5 17. Qd4 Qd6 18. Rfc1 Ne4 19. cxd5 exd5 20. Rc6 Qd8 21. Qxb6 Bd7 22. Qxd8 Rfxd8 23. Rc7 Be8 24. a4 Rdb8 25. Nd4 Rc8 26. Rxc8 Rxc8 27. a5 1-0

[Event "Western Canadian op"]
[Site "Richmond CAN"]
[Date "2004.07.09"]
[Round "1.22"]
[White "Heppenstall, Lara"]
[Black "Davies, Lucas"]
[Result "0-1"]
[WhiteElo "1591"]
[BlackElo "2130"]
[PlyCount "56"]
[GameId "2160767911095462"]
[EventDate "2004.07.09"]
[EventType "swiss"]
[EventRounds "10"]
[EventCountry "CAN"]

1. d4 Nf6 2. c4 g6 3. Nc3 Bg7 4. e4 d6 5. Nf3 O-O 6. Be2 Nc6 7. O-O e5 8. d5 Ne7 9. Bg5 Ne8 10. b4 f5 11. Nd2 f4 12. f3 h6 13. Bh4 g5 14. Bf2 Nf6 15. Rc1 Ng6 16. c5 Rf7 17. Nc4 Bf8 18. Na5 h5 19. h3 Rh7 20. g4 fxg3 21. Bxg3 Bxh3 22. Rf2 Bc8 23. c6 b6 24. Nb3 Bh6 25. Rb1 g4 26. fxg4 h4 27. Bh2 Be3 28. g5 Ng4 0-1

[Event "Western Canadian op"]
[Site "Richmond CAN"]
[Date "2004.07.09"]
[Round "1.24"]
[White "Paulson, Stewart"]
[Black "North, Robert"]
[Result "0-1"]
[WhiteElo "1567"]
[BlackElo "2115"]
[PlyCount "58"]
[GameId "2160767911095463"]
[EventDate "2004.07.09"]
[EventType "swiss"]
[EventRounds "10"]
[EventCountry "CAN"]

1. d4 Nf6 2. Nf3 g6 3. Bg5 Bg7 4. e3 d5 5. Bd3 O-O 6. Nbd2 Nbd7 7. c4 dxc4 8. Bxc4 c5 9. Rc1 cxd4 10. exd4 Nb6 11. h3 Nxc4 12. Nxc4 Be6 13. O-O Bd5 14. Qe2 Rc8 15. b3 Ne4 16. Be3 b5 17. Nce5 Nc3 18. Qb2 b4 19. Bd2 f6 20. Bxc3 bxc3 21. Rxc3 fxe5 22. Rxc8 Qxc8 23. Rc1 Qb7 24. dxe5 Bxf3 25. gxf3 Qxf3 26. Rc5 Qxh3 27. Qd4 h6 28. Rc7 Rf5 29. Rxe7 Rg5+ 0-1

[Event "Western Canadian op"]
[Site "Richmond CAN"]
[Date "2004.07.09"]
[Round "1.26"]
[White "Obers, Frits"]
[Black "Gaulin, Richard"]
[Result "1-0"]
[WhiteElo "2096"]
[BlackElo "1556"]
[PlyCount "65"]
[GameId "2160767911095464"]
[EventDate "2004.07.09"]
[EventType "swiss"]
[EventRounds "10"]
[EventCountry "CAN"]

1. d4 Nf6 2. c4 e6 3. Nc3 d5 4. Bg5 c6 5. cxd5 exd5 6. Qc2 Be7 7. e3 O-O 8. Bd3 Nbd7 9. Nf3 Re8 10. O-O h6 11. Bf4 Nf8 12. h3 Bd6 13. Bxd6 Qxd6 14. Rab1 a5 15. a3 b5 16. b4 Bb7 17. Rfc1 N8d7 18. Nh4 axb4 19. axb4 Nb6 20. Nf5 Qd7 21. Qe2 Nc4 22. Qf3 Qc7 23. Nxh6+ gxh6 24. Qxf6 Re6 25. Qh4 Qd6 26. Bf5 Ree8 27. e4 dxe4 28. Nxe4 Rxe4 29. Bxe4 Nd2 30. Rb2 Nc4 31. Rb3 Kh8 32. Rf3 Qxd4 33. Qxh6+ 1-0

[Event "Western Canadian op"]
[Site "Richmond CAN"]
[Date "2004.07.09"]
[Round "1.28"]
[White "Reid, Alexander"]
[Black "Salcedo, Daniel"]
[Result "0-1"]
[WhiteElo "1463"]
[BlackElo "2038"]
[PlyCount "88"]
[GameId "2160767911095466"]
[EventDate "2004.07.09"]
[EventType "swiss"]
[EventRounds "10"]
[EventCountry "CAN"]

1. d4 Nf6 2. c4 e6 3. Nc3 c5 4. e3 d5 5. Nf3 Be7 6. Bd3 O-O 7. O-O Nc6 8. Ne5 a6 9. a4 Qc7 10. Nxc6 bxc6 11. a5 Bb7 12. Bd2 e5 13. dxe5 Qxe5 14. Re1 Qc7 15. Qb1 Bd6 16. h3 Rfe8 17. Ne2 Qe7 18. Ra4 Bc8 19. Nc3 h6 20. Bf5 Qe5 21. Bxc8 Qh2+ 22. Kf1 Raxc8 23. Qd3 Qh1+ 24. Ke2 Qxg2 25. cxd5 cxd5 26. Qxa6 Bg3 27. Rf1 d4 28. Nd1 Rcd8 29. Qd3 dxe3 30. Qxd8 Rxd8 31. Nxe3 Qc6 32. Ra3 Bf4 33. a6 Qb5+ 34. Kf3 Bxe3 35. Bxe3 Qxf1 36. a7 Qh1+ 37. Kg3 g5 38. Bxc5 Ne4+ 39. Kg4 Nxc5 40. b4 Ne6 41. b5 Kg7 42. b6 Rd4+ 43. Kg3 Nf4 44. a8=Q Qxh3# 0-1

[Event "Western Canadian op"]
[Site "Richmond CAN"]
[Date "2004.07.09"]
[Round "1.30"]
[White "Cunningham, Chase"]
[Black "Sladek, Vaclav"]
[Result "0-1"]
[WhiteElo "1439"]
[BlackElo "2009"]
[PlyCount "90"]
[GameId "2160767911095467"]
[EventDate "2004.07.09"]
[EventType "swiss"]
[EventRounds "10"]
[EventCountry "CAN"]

1. e4 c5 2. Nf3 e6 3. d4 cxd4 4. Nxd4 Qb6 5. Nb3 Qc7 6. Nc3 a6 7. Bd3 b5 8. Be3 Bb7 9. O-O Nf6 10. a3 Be7 11. Qf3 h5 12. Bf4 Bd6 13. Bxd6 Qxd6 14. h3 Qc7 15. Qe3 d6 16. Rfe1 Nbd7 17. Rad1 Qb6 18. Qg3 Ke7 19. Bf1 h4 20. Qf4 Rh5 21. Be2 Rhh8 22. Nd2 Rag8 23. Nf3 Qc5 24. Ng5 Ne5 25. Bf1 Rh5 26. Nf3 g5 27. Qe3 g4 28. Nxe5 Qxe3 29. Rxe3 Rxe5 30. hxg4 Rxg4 31. Red3 d5 32. exd5 Nxd5 33. Nxd5+ Bxd5 34. Rc3 Reg5 35. f3 Rg3 36. f4 Rxc3 37. bxc3 Rg4 38. f5 h3 39. Rd2 Bxg2 40. Bxg2 hxg2 41. fxe6 fxe6 42. Rd4 Rxd4 43. cxd4 Kd6 44. Kxg2 Kd5 45. Kf3 Kxd4 0-1

[Event "Western Canadian op"]
[Site "Richmond CAN"]
[Date "2004.07.09"]
[Round "1.31"]
[White "Wang, Yamei"]
[Black "Cheng, Lesley"]
[Result "0-1"]
[WhiteElo "2000"]
[BlackElo "1426"]
[PlyCount "84"]
[GameId "2160767911095468"]
[EventDate "2004.07.09"]
[EventType "swiss"]
[EventRounds "10"]
[EventCountry "CAN"]

1. e4 d6 2. d4 g6 3. Be3 Bg7 4. Nc3 Nc6 5. Qd2 e5 6. d5 Nce7 7. b4 f5 8. f3 Nf6 9. a4 O-O 10. Bd3 c6 11. dxc6 bxc6 12. Bc4+ Kh8 13. Rd1 Ne8 14. Nge2 Bb7 15. O-O Qd7 16. Bc5 Rf6 17. Qe3 a6 18. Bb6 Nc8 19. Rd3 Nxb6 20. Qxb6 Qc7 21. Qe3 Rd8 22. Rfd1 f4 23. Qf2 Rf8 24. Nc1 Nf6 25. Nb3 Rd7 26. Na5 Rfd8 27. Qa7 Bf8 28. Bxa6 Ba8 29. Qf2 d5 30. exd5 Nxd5 31. Nxd5 Rxd5 32. c3 c5 33. Rxd5 Rxd5 34. Rxd5 Bxd5 35. Qd2 Bf7 36. Be2 cxb4 37. cxb4 Qb6+ 38. Kf1 Bxb4 39. Nc4 Bxc4 40. Qb2 Bxe2+ 41. Qxe2 Qd4 42. Qc2 Bc5 0-1

[Event "Western Canadian op"]
[Site "Richmond CAN"]
[Date "2004.07.09"]
[Round "1.33"]
[White "Mandic, Slaven"]
[Black "Purewal, Jasbir"]
[Result "1-0"]
[WhiteElo "1979"]
[BlackElo "1420"]
[PlyCount "41"]
[GameId "2160767911095469"]
[EventDate "2004.07.09"]
[EventType "swiss"]
[EventRounds "10"]
[EventCountry "CAN"]

1. f4 d5 2. e3 Nf6 3. Nf3 Bf5 4. b3 e6 5. Bb2 Bd6 6. Be2 Qe7 7. O-O O-O 8. Ne5 c5 9. d3 Nc6 10. Nd2 Nd7 11. Nxd7 Qxd7 12. e4 dxe4 13. dxe4 Bg6 14. Nc4 Rad8 15. Nxd6 Qxd6 16. Qxd6 Rxd6 17. f5 exf5 18. exf5 Re8 19. fxg6 Rxe2 20. gxf7+ Kf8 21. Bxg7+ 1-0

[Event "Western Canadian op"]
[Site "Richmond CAN"]
[Date "2004.07.10"]
[Round "1.36"]
[White "Cheng, Jack"]
[Black "Steininger, Gavin"]
[Result "0-1"]
[WhiteElo "1257"]
[BlackElo "1955"]
[PlyCount "80"]
[GameId "2160767911095470"]
[EventDate "2004.07.09"]
[EventType "swiss"]
[EventRounds "10"]
[EventCountry "CAN"]

1. e4 c5 2. Nf3 Nc6 3. d4 cxd4 4. Nxd4 g6 5. Nc3 Bg7 6. Be3 Nf6 7. Be2 O-O 8. O-O d6 9. Qd2 Bd7 10. Nb3 a5 11. a4 Nb4 12. Rad1 Rc8 13. h3 Rxc3 14. bxc3 Nxe4 15. Qc1 Nxc3 16. Rde1 Bxa4 17. Qd2 Ne4 18. Qc1 Na2 19. Qa3 Nac3 20. Bd3 b5 21. Bf4 b4 22. Qc1 d5 23. f3 Nd6 24. Qe3 Re8 25. Nc5 e5 26. Bg3 Bb5 27. Bxb5 Ncxb5 28. Kh1 Nf5 29. Qf2 Nxg3+ 30. Qxg3 Nd4 31. Rf2 Bf6 32. Qh2 Nf5 33. Rd2 Bh4 34. Red1 Bg3 35. Qg1 Bf4 36. Qe1 Qg5 37. Rxd5 Ng3+ 38. Kg1 Be3+ 39. Kh2 Qf4 40. Qh1 Nf1# 0-1

[Event "Western Canadian op"]
[Site "Richmond CAN"]
[Date "2004.07.09"]
[Round "1.38"]
[White "Cheng, Andrea"]
[Black "Kyriakides, Savvas"]
[Result "0-1"]
[WhiteElo "1240"]
[BlackElo "1946"]
[PlyCount "52"]
[GameId "2160767911095471"]
[EventDate "2004.07.09"]
[EventType "swiss"]
[EventRounds "10"]
[EventCountry "CAN"]

1. d4 Nf6 2. c4 e5 3. dxe5 Ng4 4. Nf3 Bc5 5. e3 Nc6 6. Be2 Ngxe5 7. Nxe5 Nxe5 8. Nc3 O-O 9. O-O a5 10. a4 Ra6 11. b3 Rd6 12. Bd2 f5 13. Nb5 Rh6 14. h3 c6 15. Nd4 Bb6 16. Nxf5 Rxf5 17. e4 Rxf2 18. Rxf2 Rf6 19. Bg5 Bxf2+ 20. Kh1 d6 21. Bxf6 Qxf6 22. Qf1 g5 23. Ra2 g4 24. Bxg4 Nxg4 25. g3 Qf3+ 26. Qg2 Qd1+ 0-1

[Event "Western Canadian op"]
[Site "Richmond CAN"]
[Date "2004.07.09"]
[Round "1.39"]
[White "Davies, Noam"]
[Black "Reid, Brianna"]
[Result "1-0"]
[WhiteElo "1898"]
[BlackElo "1093"]
[PlyCount "43"]
[GameId "2160767911095472"]
[EventDate "2004.07.09"]
[EventType "swiss"]
[EventRounds "10"]
[EventCountry "CAN"]

1. e4 e6 2. d4 d5 3. Nd2 Bd7 4. Bd3 c5 5. exd5 exd5 6. Ngf3 Nf6 7. O-O Be7 8. dxc5 Bxc5 9. Nb3 Be7 10. Bf4 O-O 11. Re1 Re8 12. Qd2 Nc6 13. c3 Qb6 14. Bg5 h6 15. Bh4 Be6 16. Nbd4 Nxd4 17. Nxd4 Bd8 18. Re2 Bg4 19. f3 Bd7 20. Rae1 Nh5 21. Rxe8+ Bxe8 22. Rxe8# 1-0

[Event "Western Canadian op"]
[Site "Richmond CAN"]
[Date "2004.07.09"]
[Round "1.40"]
[White "Sabaratnam, Thiruvaran"]
[Black "Palmer, Jordan"]
[Result "0-1"]
[WhiteElo "1001"]
[BlackElo "1915"]
[PlyCount "110"]
[GameId "2160767911095473"]
[EventDate "2004.07.09"]
[EventType "swiss"]
[EventRounds "10"]
[EventCountry "CAN"]

1. e4 e5 2. Nf3 Nf6 3. Nxe5 d6 4. Nf3 Nxe4 5. d3 Nf6 6. Nc3 Be7 7. Be2 O-O 8. O-O Nc6 9. Bf4 a6 10. a3 Be6 11. h3 Qd7 12. Nh2 Nd4 13. Ne4 Nxe2+ 14. Qxe2 Nd5 15. Bg3 f5 16. c4 Nb6 17. Nd2 f4 18. Ndf3 fxg3 19. fxg3 Rae8 20. Nd4 Bf6 21. Nhf3 Bxh3 22. Qd2 Be6 23. Rae1 Bg4 24. Rxe8 Rxe8 25. b4 c5 26. bxc5 dxc5 27. Nb3 Qc7 28. d4 cxd4 29. Nfxd4 Qxg3 30. c5 Nc4 31. Qf2 Qxf2+ 32. Rxf2 Bg5 33. Rc2 Nxa3 34. Ra2 Nb5 35. Nf3 Be3+ 36. Kh2 Be6 37. Rb2 Bxb3 38. Rxb3 Bxc5 39. Rb1 b6 40. Nh4 Nd4 41. Nf3 Nxf3+ 42. gxf3 a5 43. Kg3 a4 44. Ra1 b5 45. Rb1 b4 46. Ra1 a3 47. Rc1 Rc8 48. Kf4 Bd6+ 49. Ke3 Rxc1 50. Kd4 a2 51. Kd3 a1=Q 52. Ke4 Qe5+ 53. Kd3 Rc3+ 54. Kd2 Qe3+ 55. Kd1 Rc1# 0-1

[Event "Western Canadian op"]
[Site "Richmond CAN"]
[Date "2004.07.10"]
[Round "2"]
[White "Davies, Lucas"]
[Black "Yoos, John"]
[Result "1/2-1/2"]
[WhiteElo "2112"]
[BlackElo "2405"]
[PlyCount "107"]
[GameId "2160767911095474"]
[EventDate "2004.07.09"]
[EventType "swiss"]
[EventRounds "10"]
[EventCountry "CAN"]
[SourceTitle "CBM 101 Extra"]
[Source "ChessBase"]
[SourceDate "2004.09.01"]
[SourceVersion "2"]
[SourceVersionDate "2004.09.01"]
[SourceQuality "1"]

1. e4 Nc6 2. Nf3 d6 3. Nc3 Bg4 4. Be2 Nf6 5. d3 d5 6. Bf4 e6 7. h3 Bh5 8. O-O Be7 9. e5 Nd7 10. d4 a6 11. Nb1 Na7 12. Nbd2 c5 13. c4 O-O 14. cxd5 exd5 15. dxc5 Nxc5 16. Nb3 Nc6 17. Be3 Ne6 18. Nbd4 Bxf3 19. Nxc6 bxc6 20. Bxf3 Qb8 21. Qa4 Qxb2 22. Qxc6 d4 23. Rfb1 Qa3 24. Bd2 Rac8 25. Qe4 Rfd8 26. Rb3 Qa4 27. Qe2 Rc2 28. Be4 Rxa2 29. Rxa2 Qxa2 30. Rb7 Nf4 31. Qd1 Bg5 32. h4 Nh3+ 33. gxh3 Qxd2 34. Qxd2 Bxd2 35. Bd3 a5 36. Bc4 Rf8 37. Rd7 Bc3 38. Bb3 h5 39. Kg2 d3 40. Rxd3 Bxe5 41. Rd5 Bc3 42. Rxh5 Rb8 43. Bc2 Rb2 44. Bd1 g6 45. Rc5 Rd2 46. Rxc3 Rxd1 47. Rc5 a4 48. h5 a3 49. Ra5 Ra1 50. hxg6 fxg6 51. Ra7 a2 52. h4 Kf8 53. f4 Ke8 54. Kh2 1/2-1/2

[Event "Western Canadian op"]
[Site "Richmond CAN"]
[Date "2004.07.10"]
[Round "2"]
[White "Harper, Jamie"]
[Black "Brodie, Hugh"]
[Result "1/2-1/2"]
[WhiteElo "1700"]
[BlackElo "1900"]
[PlyCount "51"]
[GameId "2160767911095475"]
[EventDate "2004.07.09"]
[EventType "swiss"]
[EventRounds "10"]
[EventCountry "CAN"]
[SourceTitle "EXT 2006"]
[Source "ChessBase"]
[SourceDate "2005.11.24"]
[SourceVersion "1"]
[SourceVersionDate "2005.11.24"]
[SourceQuality "1"]

1. e4 c5 2. Nc3 Nc6 3. g3 g6 4. Bg2 Bg7 5. Nge2 d6 6. O-O e5 7. d3 Nge7 8. Be3 O-O 9. Qd2 Nd4 10. f4 f5 11. fxe5 dxe5 12. Nd5 Ne6 13. Rf2 fxe4 14. Rxf8+ Kxf8 15. dxe4 b6 16. Rf1+ Kg8 17. Bg5 Bf8 18. Nec3 Ba6 19. Rf2 Nxg5 20. Qxg5 Nxd5 21. Qxd8 Rxd8 22. Nxd5 Kg7 23. Bf1 Bxf1 24. Kxf1 Rd7 25. c4 Be7 26. b3 1/2-1/2

[Event "Western Canadian op"]
[Site "Richmond CAN"]
[Date "2004.07.10"]
[Round "2"]
[White "North, Robert"]
[Black "Welling, Gerard"]
[Result "0-1"]
[WhiteElo "2234"]
[BlackElo "2361"]
[PlyCount "64"]
[GameId "2160767911095476"]
[EventDate "2004.07.09"]
[EventType "swiss"]
[EventRounds "10"]
[EventCountry "CAN"]
[SourceTitle "CBM 101 Extra"]
[Source "ChessBase"]
[SourceDate "2004.09.01"]
[SourceVersion "2"]
[SourceVersionDate "2004.09.01"]
[SourceQuality "1"]

1. c4 g5 2. d4 Bg7 3. Nc3 h6 4. g3 c5 5. d5 Bxc3+ 6. bxc3 d6 7. h4 g4 8. e4 Qa5 9. Bd2 Nf6 10. Bd3 Nbd7 11. f4 gxf3 12. Nxf3 Ng4 13. Qc2 Nde5 14. Nxe5 Nxe5 15. O-O Bh3 16. Rf2 Rg8 17. Bf4 Ng4 18. Rh2 Nxh2 19. Kxh2 Bd7 20. Bxh6 O-O-O 21. Bf4 f6 22. Rb1 Rh8 23. Qb3 Qc7 24. Qa3 Kb8 25. Qb3 Rdg8 26. Bf1 Bc8 27. Bh3 Bxh3 28. Kxh3 b6 29. Qc2 Rh7 30. Rh1 Qc8+ 31. Kh2 Qg4 32. Qf2 Rgh8 0-1

[Event "Western Canadian op"]
[Site "Richmond CAN"]
[Date "2004.07.10"]
[Round "2"]
[White "Steininger, Gavin"]
[Black "McLaren, Brian"]
[Result "1/2-1/2"]
[WhiteElo "1955"]
[BlackElo "2270"]
[PlyCount "83"]
[GameId "2160767911095477"]
[EventDate "2004.07.09"]
[EventType "swiss"]
[EventRounds "10"]
[EventCountry "CAN"]
[SourceTitle "CBM 101 ext"]
[Source "ChessBase"]
[SourceDate "2004.09.01"]
[SourceVersion "2"]
[SourceVersionDate "2004.09.23"]
[SourceQuality "1"]

1. c3 b6 2. c4 Bb7 3. Nc3 f5 4. d4 Nf6 5. Nf3 e6 6. g3 Be7 7. Bg2 O-O 8. O-O Qe8 9. Re1 h6 10. Bf4 d6 11. Nb5 Na6 12. a3 Qc8 13. b4 Ne4 14. Nd2 Nxd2 15. Qxd2 Bxg2 16. Kxg2 Qd7 17. Qd3 c6 18. Nc3 Nc7 19. c5 dxc5 20. dxc5 Nd5 21. Nxd5 exd5 22. Be3 bxc5 23. bxc5 Rab8 24. Rab1 Qe6 25. Bd4 h5 26. e3 h4 27. Rxb8 Rxb8 28. Rb1 Rxb1 29. Qxb1 Qe4+ 30. Qxe4 dxe4 31. Kh3 g6 32. gxh4 Kf7 33. Kg3 Ke6 34. h5 gxh5 35. Kf4 Bd8 36. h3 Bh4 37. f3 exf3 38. Kxf3 Bg5 39. e4 Bh4 40. a4 Bg5 41. Bc3 Bc1 42. Bd4 1/2-1/2

[Event "Western Canadian op"]
[Site "Richmond CAN"]
[Date "2004.07.10"]
[Round "2.1"]
[White "Cramling, Pia"]
[Black "Tegzes, Laszlo"]
[Result "1-0"]
[WhiteElo "2485"]
[BlackElo "2118"]
[PlyCount "51"]
[GameId "2160767911095478"]
[EventDate "2004.07.09"]
[EventType "swiss"]
[EventRounds "10"]
[EventCountry "CAN"]

1. d4 Nf6 2. Nf3 d6 3. g3 g6 4. Bg2 Bg7 5. O-O O-O 6. a4 Nc6 7. a5 a6 8. d5 Nb8 9. c4 Nbd7 10. Nd4 Re8 11. e4 e5 12. Ne2 Rb8 13. Nec3 b6 14. axb6 cxb6 15. b4 Qc7 16. Na3 Bb7 17. Be3 b5 18. Rc1 bxc4 19. Na4 Qd8 20. Nxc4 Qe7 21. Na5 Ba8 22. Rc4 Rec8 23. Qe2 Rxc4 24. Qxc4 Ne8 25. Rc1 f5 26. Nc6 1-0

[Event "Western Canadian op"]
[Site "Richmond CAN"]
[Date "2004.07.10"]
[Round "2.3"]
[White "Bellon Lopez, Juan Manuel"]
[Black "Obers, Frits"]
[Result "1-0"]
[WhiteElo "2447"]
[BlackElo "2095"]
[PlyCount "111"]
[GameId "2160767911095479"]
[EventDate "2004.07.09"]
[EventType "swiss"]
[EventRounds "10"]
[EventCountry "CAN"]

1. d4 Nf6 2. Bg5 e6 3. Nf3 h6 4. Bxf6 Qxf6 5. e4 d5 6. Nbd2 Qd8 7. c3 c5 8. exd5 Qxd5 9. Bc4 Qd8 10. Ne5 a6 11. O-O cxd4 12. Qh5 Qc7 13. cxd4 Nc6 14. Rac1 Nxe5 15. dxe5 Qa5 16. Ne4 Be7 17. Rc3 g6 18. Qd1 Qxe5 19. Re1 O-O 20. Rh3 Qg7 21. Nd6 Rd8 22. Rd3 Bxd6 23. Rxd6 Rxd6 24. Qxd6 Qxb2 25. Qd8+ Kg7 26. Rd1 Qc2 27. Bb3 Qc5 28. Rd6 b5 29. h4 Ra7 30. Rd2 Qc7 31. Qd4+ e5 32. Qe3 Bf5 33. Rd5 Ra8 34. Rxe5 Rc8 35. Re7 Qc1+ 36. Qxc1 Rxc1+ 37. Kh2 Kf6 38. Ra7 Rc6 39. Bxf7 h5 40. Bd5 Rd6 41. Bb7 Rd2 42. Rxa6+ Ke5 43. Kg3 b4 44. Ra5+ Kd4 45. Bd5 Kc3 46. Bf7 Rd6 47. f3 Bb1 48. Ra7 Kb2 49. Kf4 Rf6+ 50. Ke3 Rd6 51. Ra4 Kc3 52. g4 hxg4 53. fxg4 Rd4 54. a3 Rxg4 55. Rxb4 Rg3+ 56. Kf2 1-0

[Event "Western Canadian op"]
[Site "Richmond CAN"]
[Date "2004.07.10"]
[Round "2.5"]
[White "Fuentebella, Mayo"]
[Black "Aird, Ian"]
[Result "1-0"]
[WhiteElo "2348"]
[BlackElo "2051"]
[PlyCount "49"]
[GameId "2160767911095480"]
[EventDate "2004.07.09"]
[EventType "swiss"]
[EventRounds "10"]
[EventCountry "CAN"]

1. c4 e5 2. Nc3 Bb4 3. Qc2 Nf6 4. Nf3 Nc6 5. a3 Bxc3 6. dxc3 h6 7. e4 d6 8. h3 Be6 9. Be3 Qd7 10. Be2 Na5 11. Nd2 a6 12. b4 Nc6 13. g4 g5 14. f3 Ne7 15. h4 Rg8 16. hxg5 hxg5 17. Rh6 Nxg4 18. fxg4 Bxg4 19. Qd1 Be6 20. Bh5 O-O-O 21. Rf6 g4 22. Qe2 g3 23. O-O-O Ng6 24. Bxg6 Bg4 25. Qxg4 1-0

[Event "Western Canadian op"]
[Site "Richmond CAN"]
[Date "2004.07.10"]
[Round "2.6"]
[White "Salcedo, Daniel"]
[Black "Ristovic, Nenad"]
[Result "0-1"]
[WhiteElo "2038"]
[BlackElo "2339"]
[PlyCount "60"]
[GameId "2160767911095481"]
[EventDate "2004.07.09"]
[EventType "swiss"]
[EventRounds "10"]
[EventCountry "CAN"]

1. d4 d5 2. c4 e6 3. Nc3 c6 4. Nf3 Nf6 5. Bg5 dxc4 6. e3 b5 7. a4 Bb4 8. Nd2 Bxc3 9. bxc3 Qd5 10. Bf4 Bb7 11. Be2 O-O 12. Bf3 Qd7 13. e4 c5 14. axb5 cxd4 15. Nxc4 dxc3 16. Nd6 a6 17. b6 Nc6 18. e5 Nd5 19. Bxd5 exd5 20. Qxd5 Nd8 21. Qc4 Ne6 22. Be3 Rac8 23. Nxc8 Rxc8 24. Qe2 Bxg2 25. Rg1 Bc6 26. Rd1 Qb7 27. Rd6 Bf3 28. Qa2 c2 29. Rxe6 Qe4 30. Re8+ Rxe8 0-1

[Event "Western Canadian op"]
[Site "Richmond CAN"]
[Date "2004.07.10"]
[Round "2.7"]
[White "Sladek, Vaclav"]
[Black "Lee, Vicente jr."]
[Result "1/2-1/2"]
[WhiteElo "2009"]
[BlackElo "2326"]
[PlyCount "79"]
[GameId "2160767911095482"]
[EventDate "2004.07.09"]
[EventType "swiss"]
[EventRounds "10"]
[EventCountry "CAN"]

1. d4 d5 2. c4 dxc4 3. e3 Nf6 4. Bxc4 e6 5. Nf3 a6 6. a4 c5 7. O-O Nc6 8. dxc5 Qxd1 9. Rxd1 Bxc5 10. Nc3 b6 11. Bd2 Bb7 12. Rac1 O-O 13. h3 Rac8 14. Bb3 Rfd8 15. Be1 h6 16. Rxd8+ Rxd8 17. Rd1 Rc8 18. Ba2 g5 19. Bb1 Nb4 20. Ne5 Bf8 21. Nd7 Nxd7 22. Rxd7 Bc6 23. Rd4 a5 24. Rd1 Nd5 25. Bc2 Bg7 26. Bb3 Nb4 27. f3 Be5 28. e4 Na6 29. Bc4 Nc5 30. Bb5 Kf8 31. Kf2 Ke7 32. Ke2 f6 33. Bf2 Bxb5+ 34. axb5 h5 35. Be3 h4 36. Bf2 Rc7 37. Be3 Rc8 38. Bf2 Rc7 39. Be3 Rc8 40. Bf2 1/2-1/2

[Event "Western Canadian op"]
[Site "Richmond CAN"]
[Date "2004.07.10"]
[Round "2.8"]
[White "Harper, Bruce"]
[Black "Yousefzadeh, Mehrdad"]
[Result "1/2-1/2"]
[WhiteElo "2326"]
[BlackElo "2024"]
[PlyCount "57"]
[GameId "2160767911095483"]
[EventDate "2004.07.09"]
[EventType "swiss"]
[EventRounds "10"]
[EventCountry "CAN"]

1. e4 Nf6 2. e5 Nd5 3. d4 d6 4. c4 Nb6 5. exd6 exd6 6. Bd3 Be7 7. Ne2 Nc6 8. Nbc3 O-O 9. O-O Nb4 10. b3 Nxd3 11. Qxd3 Bf6 12. Be3 Re8 13. Rfe1 c6 14. Ng3 d5 15. c5 Nd7 16. Rac1 g6 17. b4 Nf8 18. Nce2 Ne6 19. Nf4 Ng7 20. Qd2 Nf5 21. Nxf5 Bxf5 22. Ne2 g5 23. Ng3 Bg6 24. f4 gxf4 25. Bxf4 Qd7 26. h3 Rxe1+ 27. Rxe1 Re8 28. Rxe8+ Qxe8 29. Kh2 1/2-1/2

[Event "Western Canadian op"]
[Site "Richmond CAN"]
[Date "2004.07.10"]
[Round "2.9"]
[White "Kraidman, Yair"]
[Black "Mandic, Slaven"]
[Result "1-0"]
[WhiteElo "2320"]
[BlackElo "1979"]
[PlyCount "122"]
[GameId "2160767911095484"]
[EventDate "2004.07.09"]
[EventType "swiss"]
[EventRounds "10"]
[EventCountry "CAN"]

1. d4 e6 2. c4 f5 3. Nf3 Nf6 4. g3 d5 5. Bg2 c6 6. Nbd2 Bd6 7. b3 b6 8. Bb2 O-O 9. Qc2 Bb7 10. O-O Qe7 11. Ne5 a5 12. Nd3 Na6 13. a3 c5 14. e3 Ne4 15. Nf3 Rac8 16. Nfe5 Nb8 17. f3 Nf6 18. dxc5 bxc5 19. Qd2 Bc7 20. Bc3 dxc4 21. bxc4 Rfd8 22. Rfd1 Bxe5 23. Bxe5 Nc6 24. Qb2 Nxe5 25. Nxe5 Qc7 26. Rab1 Ba6 27. f4 Ng4 28. Nxg4 fxg4 29. Qe2 Rxd1+ 30. Rxd1 Rd8 31. Bf1 Rxd1 32. Qxd1 h5 33. h3 gxh3 34. Qxh5 Qc6 35. Bxh3 Bxc4 36. Bg2 Bd5 37. e4 Bxe4 38. Bxe4 Qxe4 39. Qxc5 Qe1+ 40. Kg2 Qe2+ 41. Qf2 Qe4+ 42. Qf3 Qc2+ 43. Kg1 Qc1+ 44. Kf2 Qc2+ 45. Qe2 Qc5+ 46. Qe3 Qc2+ 47. Kf3 Qd1+ 48. Kg2 Qc2+ 49. Kh3 Qh7+ 50. Kg4 Qg6+ 51. Kf3 Qh5+ 52. Kf2 Kf7 53. Qd3 Qc5+ 54. Kf3 Qh5+ 55. Kg2 Qc5 56. g4 Qc6+ 57. Kg3 Qb6 58. Qd7+ Kf8 59. Kh4 Qf2+ 60. Kg5 Qc5+ 61. Kg6 Qxa3 1-0